[Event "HCL-A146"]
[Site "www.playchess.de"]
[Date "2001.04.21"]
[Round "33"]
[White "One_i"]
[Black "myosotis1984"]
[WhiteElo "1643"]
[BlackElo "1440"]
[PlyCount "66"]
[Result "1/2-1/2"]

1.d4 {Good luck to you from Canada!}  Nf6 2.Nf3 c5 
3.e3 e6 4.Bd3 d5 5.b3 Nc6 6.Bb2 a6 7.O-O b5 8.Nbd2 
c4 9.Be2 Bd6 10.a3 O-O 11.Ne5 Bb7 12.f4 Nd7 13.Bg4 
Qe7 14.Ndf3 f6 15.Nxd7 Qxd7 16.Bh3 Qe7 17.Qe1 e5 
18.fxe5 fxe5 19.dxe5 Nxe5 20.Nxe5 Bxe5 21.Bd4 Rae8 
22.Rxf8+ Rxf8 23.Qd2 Qf6 24.g3 h6 25.Rf1 Qg5 
26.Rxf8+ Kxf8 27.Qf2+ Kg8 28.Be6+ Kh7 29.Qf5+ Qxf5 
30.Bxf5+ g6 31.Bxg6+ Kxg6 32.Bxe5 Kf5 33.Bd4 
Ke4 1/2-1/2

[Event "HCL-C304"]
[Site "www.playchess.de"]
[Date "2001.04.21"]
[Round "19"]
[White "TRUBLU"]
[Black "JensAnd"]
[WhiteElo "1011"]
[BlackElo "1338"]
[PlyCount "56"]
[Result "0-1"]

1.Nf3 d5 2.g3 Nf6 3.Bg2 c5 4.O-O Nc6 5.d3 e5 
6.Nbd2 Be7 7.Re1 O-O 8.e4 d4 9.Nc4 Qc7 10.h3 b5 
11.Na3 a6 12.Qd2 Bb7 13.Nh4 g6 14.Qh6 Rfe8 15.f4 
Bf8 16.Qg5 h6 17.Qxf6 Be7 18.Qxf7+ Kxf7 19.fxe5 
Bxh4 20.gxh4 Qxe5 21.Bxh6 Qg3 22.Ref1+ Kg8 23.Rf6 
Bc8 24.Bg5 Bxh3 25.Rf2 Ref8 26.Raf1 Rxf2 27.Rxf2 
Rf8 28.Rf4 Qxg2+ 0-1

[Event "HCL-B323"]
[Site "www.playchess.de"]
[Date "2001.04.21"]
[Round "21"]
[White "lonewolf"]
[Black "hassell"]
[WhiteElo "1710"]
[BlackElo "1745"]
[PlyCount "90"]
[Result "0-1"]

1.d4 {"Handshake" Good luck!!}  Nf6 {Pleased to 
play you and the best of luck}  2.c4 g6 3.Nc3 Bg7 
4.e4 d6 5.Be2 O-O 6.Bg5 Nbd7 7.Qd2 e5 8.d5 Qe8 
9.Nf3 Nc5 10.Qc2 h6 11.Bxf6 Bxf6 12.b4 Nd7 13.O-O 
Bg7 14.Nd2 f5 {Good move - you understand this 
opening.}  15.Bd3 {Thanks}  Nf6 16.c5 Bd7 17.Rfe1 
Rc8 18.Bc4 Kh8 19.a3 Qe7 20.Rab1 c6 {This is 
complicated!!  I usually carry on with a k-side 
attack but your q-side expansion is worrying}  
21.dxc6 Bxc6 22.exf5 gxf5 23.cxd6 Qxd6 {My brain 
hurts}  24.Rbd1 {LOL I was thinking the same 
thing.}  Nh5 25.b5 Be8 26.Nce4 Qg6 27.Nc3 Nf4 
28.g3 e4 29.Qb3 Nd3 30.Ref1 Bf7 31.Bxf7 Qxf7 
32.Ne2 Qh5 33.f3 Rfd8 34.h4 Be5 35.Kg2 Rdg8 
36.Rfh1 {draw?}  Rc3 {Lets play on}  37.Qxc3 {ok!} 
 Bxc3 38.Nxc3 e3 39.Ne2 exd2 40.Rxd2 Qe8 41.Rhd1 
Qe3 42.R2xd3 {Looks like I'll be saying adios 
soon.Pleasure playing you.}  Qxe2+ {It's been a 
good, complex game - cheers}  43.Kh3 f4 44.R3d8 
Qxf3 45.Rxg8+ Kxg8 0-1

[Event "HCL-C320"]
[Site "www.playchess.de"]
[Date "2001.04.21"]
[Round "23"]
[White "olaf"]
[Black "Eusebio"]
[WhiteElo "1251"]
[BlackElo "799"]
[PlyCount "35"]
[Result "1-0"]

1.e4 e5 2.Nf3 Nf6 3.c4 Bc5 4.Nc3 d6 5.a3 Be6 6.b4 
Bd4 7.Bb2 c5 8.Qc2 Nc6 9.b5 Ne7 10.d3 Ng4 11.Nxd4 
exd4 12.Nd5 Ne5 13.Be2 Kf8 14.O-O a6 15.f4 Ng4 
16.f5 Ne3 17.Nxe3 dxe3 18.fxe6 1-0

[Event "HCL-C320"]
[Site "www.playchess.de"]
[Date "2001.04.21"]
[Round "28"]
[White "Lukas"]
[Black "olaf"]
[WhiteElo "1143"]
[BlackElo "1251"]
[PlyCount "75"]
[Result "1-0"]

1.e4 {Runde 4}  c5 2.d4 e6 {Sicher; die anderen 
Spiele gehen ja kaum voran}  3.Nf3 {Ist bei mir 
nicht anders...}  Nf6 4.Nc3 {-}  Nc6 5.Bg5 d6 
6.Be2 Be7 7.O-O O-O 8.Qd2 Re8 9.e5 dxe5 10.dxe5 
Qxd2 11.Bxd2 Nd5 12.Nb5 a6 13.Nc3 Rd8 14.a3 b5 
15.a4 b4 16.Nxd5 Rxd5 17.c4 bxc3 18.Bxc3 Bb7 
19.Rad1 Rad8 20.b3 Na5 21.Bxa5 {Sa5?}  R8d7 
{a6:a5; so ist das wenn man zuviel Figuren 
"anfasst"}  22.Rxd5 Rxd5 23.Rd1 h6 24.Rxd5 exd5 
25.Kf1 d4 26.Ke1 g5 27.Bb6 Kg7 28.Kd2 f5 29.Bc4 g4 
30.Ne1 Be4 31.Bxa6 Bd5 32.Bc4 Bxc4 33.bxc4 Bg5+ 
34.Kd3 Bf4 35.a5 Bxe5 36.a6 Bb8 37.a7 Bxa7 
38.Bxa7 1-0

[Event "HCL-B328"]
[Site "www.playchess.de"]
[Date "2001.04.21"]
[Round "2"]
[White "lebesgue"]
[Black "PCChess"]
[WhiteElo "1804"]
[BlackElo "1901"]
[PlyCount "48"]
[Result "0-1"]

1.d4 d5 2.Nf3 Bf5 3.Bf4 e6 4.e3 Bd6 5.Bxd6 Qxd6 
6.c4 dxc4 7.Qa4+ Nc6 8.Ne5 Qb4+ 9.Qxb4 Nxb4 10.Na3 
Nd3+ 11.Bxd3 cxd3 12.Kd2 Nf6 13.f3 Rd8 14.Nxd3 
Bxd3 15.Kxd3 c5 16.Rac1 cxd4 17.exd4 {are you in 
Spain?}  Nd5 {Yes. Are you in Greece?}  18.Nc2 {I 
am in Barcelona}  O-O {I'm from Pamplona}  19.a3 
{Is it in the north?}  Nf4+ {Yes, in Navarra, near 
the Pirynees}  20.Ke4 Nxg2 21.Rhg1 Nh4 22.Ne3 Rdc8 
23.b4 Ng6 24.Ng4 f5+ 0-1

[Event "HCL-B328"]
[Site "www.playchess.de"]
[Date "2001.04.21"]
[Round "3"]
[White "King_Slayer"]
[Black "lebesgue"]
[WhiteElo "1259"]
[BlackElo "1804"]
[PlyCount "30"]
[Result "0-1"]

1.d4 g6 2.c4 Bg7 3.e4 d6 4.Nc3 Nc6 5.f4 Nxd4 6.Be3 
Nc6 7.Nf3 Nf6 8.Bd3 Ng4 9.O-O Nxe3 10.Qe2 Nxf1 
11.Qxf1 O-O 12.f5 Nb4 13.a3 Nxd3 14.Qxd3 e6 
15.fxg6 fxg6 0-1

[Event "HCL-A160"]
[Site "www.playchess.de"]
[Date "2001.04.21"]
[Round "20"]
[White "One_i"]
[Black "Gorodish"]
[WhiteElo "1648"]
[BlackElo "1862"]
[PlyCount "33"]
[Result "1/2-1/2"]

1.d4 {Good luck to you from Canada!}  b6 {all the 
best from germany :-)}  2.Nf3 Nf6 3.Bf4 Nd5 4.Bg3 
Bb7 5.e4 Nf6 6.e5 Ne4 7.Bd3 d6 8.Nbd2 Nxd2 9.Qxd2 
g6 10.Qf4 Bg7 11.Rd1 O-O 12.h4 Bxf3 13.gxf3 Nd7 
14.h5 dxe5 15.dxe5 Bxe5 16.Qh6 Bg7 
17.Qg5 1/2-1/2

[Event "HCL-B332"]
[Site "www.playchess.de"]
[Date "2001.04.21"]
[Round "1"]
[White "hassell"]
[Black "gingy"]
[WhiteElo "1696"]
[BlackElo "1255"]
[PlyCount "27"]
[Result "1-0"]

1.e4 {Hi Steve, I look forward to an interesting 
game}  e6 {hello may the best man win!!}  2.d4 d5 
3.Nc3 Nf6 4.e5 Nfd7 5.f4 c5 6.Nf3 Nc6 7.Be3 Qb6 
8.Be2 cxd4 9.Nxd4 Nxd4 10.Bxd4 Bc5 11.Na4 Qa5+ 
12.c3 Bxd4 13.Qxd4 Qb6 14.Nxb6 1-0

[Event "HCL-B332"]
[Site "www.playchess.de"]
[Date "2001.04.21"]
[Round "3"]
[White "gingy"]
[Black "Max"]
[WhiteElo "1255"]
[BlackElo "1466"]
[PlyCount "22"]
[Result "0-1"]

1.d4 Nf6 2.c4 d5 3.Nf3 Nc6 4.Nc3 Bf5 5.e3 e6 6.Nh4 
Be4 7.Nxe4 Nxe4 8.g3 Bb4+ 9.Ke2 O-O 10.a3 Ba5 
11.b4 Nc3+ 0-1

[Event "HCL-A159"]
[Site "www.playchess.de"]
[Date "2001.04.21"]
[Round "7"]
[White "Zeus"]
[Black "DaRkFoRcE"]
[WhiteElo "1786"]
[BlackElo "1832"]
[PlyCount "35"]
[Result "1-0"]

1.e4 b6 2.d4 Bb7 3.Nc3 e6 4.Nf3 Bb4 5.Bd3 d5 
6.exd5 Bxc3+ 7.bxc3 Bxd5 8.c4 Bb7 9.O-O Nf6 10.Re1 
{What part of Spain are you from?}  O-O {I'm from 
Pamplona, in the north of Spain}  11.Ba3 {I have a 
good friend who lives near Valencia}  Re8 12.Rb1 
Nbd7 13.c5 Rb8 14.c4 Nf8 15.Ne5 Ng6 16.c6 Bc8 
17.Rb3 Qxd4 18.Bxg6 {Oops!}  1-0

[Event "HCL-A159"]
[Site "www.playchess.de"]
[Date "2001.04.21"]
[Round "10"]
[White "whatsleft2"]
[Black "Zeus"]
[WhiteElo "1814"]
[BlackElo "1786"]
[PlyCount "34"]
[Result "0-1"]

1.e4 {hello again and goodluck}  c5 {Yes, hi.  
Good luck to you!}  2.d4 cxd4 3.c3 dxc3 4.Nxc3 Nc6 
5.Nf3 d6 6.Bc4 {so far same moves as last game}  
a6 {NO...we played the Scandinavian...ended in a 
draw, remember?}  7.O-O {sorry i got the wrong 
player in mind havent had a lot of luck with 
scandinavian but keep trying}  Nf6 8.Qe2 Bg4 9.Rd1 
{nice move first time thats been played against me 
looks real strong  maybe h3 before queen move}  e6 
10.Bf4 Nh5 11.Be3 Qf6 12.Bg5 Bxf3 13.Bxf6 Bxe2 
14.Bxg7 Bxg7 15.Bxe2 Bxc3 16.Bxh5 Be5 17.g3 
{goodgame  i will try to be more competition next 
time}  Rc8 {Thank you.  Our first encounter was 
quite a battle!}  0-1

[Event "HCL-B331"]
[Site "www.playchess.de"]
[Date "2001.04.21"]
[Round "2"]
[White "DIG"]
[Black "rbverhoef"]
[WhiteElo "1619"]
[BlackElo "1550"]
[PlyCount "63"]
[Result "1-0"]

1.e4 e6 2.d4 d5 3.Nc3 dxe4 4.Nxe4 Nf6 5.Bg5 Nbd7 
6.Nf3 h6 7.Bh4 g5 8.Nxf6+ Nxf6 9.Bg3 Ne4 10.Qd3 
Nxg3 11.hxg3 f6 12.Qg6+ Ke7 13.Ne5 fxe5 14.dxe5 
Qd4 15.Qf6+ Ke8 16.c3 Qe4+ 17.Be2 Bd7 18.Kf1 Bc6 
19.Qxe6+ Kd8 20.Rd1+ Bd6 21.Qf6+ Kd7 22.Qg7+ Ke6 
23.f3 Raf8 24.exd6 cxd6 25.Rxh6+ Rxh6 26.Qxh6+ Rf6 
27.Qxf6+ Kxf6 28.fxe4 Bxe4 {Is there a chance u 
make  alittle mistake, or am I very Game Over?}  
29.Rxd6+ Ke5 30.Rd8 {Rbverhoef,Game Over.}  a6 
31.Bf3 Bxf3 32.gxf3 1-0

[Event "HCL-B331"]
[Site "www.playchess.de"]
[Date "2001.04.21"]
[Round "11"]
[White "rbverhoef"]
[Black "lonewolf"]
[WhiteElo "1550"]
[BlackElo "1691"]
[PlyCount "32"]
[Result "0-1"]

1.d4 c5 2.dxc5 e5 3.b4 a5 4.bxa5 Bxc5 5.Bd2 Bxf2+ 
6.Kxf2 Qh4+ 7.Kf3 d5 8.Nc3 e4+ 9.Ke3 Nh6 10.Nxe4 
dxe4 11.Be1 Qg5+ 12.Kxe4 Ng4 13.Kd3 Qe3+ 14.Kc4 
Ne5+ 15.Kd5 Be6+ 16.Kd6 Na6 0-1

[Event "ACL-A178"]
[Site "www.playchess.de"]
[Date "2001.04.21"]
[Round "6"]
[White "Qaurial"]
[Black "myosotis1984"]
[WhiteElo "1801"]
[BlackElo "1617"]
[PlyCount "57"]
[Result "1/2-1/2"]

1.d4 Nf6 2.Nc3 c5 3.d5 e6 4.e4 d6 5.Nf3 Be7 6.Be2 
O-O 7.O-O a6 8.a4 b6 9.h3 Bb7 10.Ng5 h6 11.Nf3 Qc7 
12.Bf4 e5 13.Be3 Nbd7 14.Qc1 Nh7 15.g4 Kh8 16.Nh2 
Bg5 17.f4 exf4 18.Bxf4 Bxf4 19.Qxf4 Ne5 20.Nf3 
Nxf3+ 21.Rxf3 Ng5 22.Re3 Rae8 23.h4 Nh7 24.Re1 Bc8 
25.Bd3 f6 26.b3 Qd7 27.Rg3 Re5 28.Kh2 Rfe8 
29.Reg1 1/2-1/2

[Event "ACL-A185"]
[Site "www.playchess.de"]
[Date "2001.04.21"]
[Round "1"]
[White "Qaurial"]
[Black "myosotis1984"]
[WhiteElo "1801"]
[BlackElo "1617"]
[PlyCount "39"]
[Result "1-0"]

1.e4 e5 2.Nc3 Nf6 3.f4 d5 4.fxe5 Nxe4 5.Nf3 Nc6 
6.Bb5 Nxc3 7.dxc3 a6 8.Bd3 Bc5 9.Bg5 Ne7 10.Qe2 
O-O {Hi, how do you feel?}  11.O-O-O Be6 12.h4 c6 
13.h5 h6 14.Bh4 Qc7 15.g4 Bxg4 16.Qg2 Qd7 17.Bxe7 
Bxe7 18.Rdg1 f5 19.exf6 Rxf6 20.Ne5 1-0

[Event "HCL-B072"]
[Site "www.playchess.de"]
[Date "2001.04.22"]
[Round "1"]
[White "csadler"]
[Black "DTG007"]
[WhiteElo "1047"]
[BlackElo "1090"]
[PlyCount "71"]
[Result "1-0"]

1.e4 e5 2.Nf3 Nc6 3.Bc4 Nf6 4.Ng5 d5 5.exd5 Na5 
6.Bb5+ Bd7 7.Qe2 Qe7 8.Bxd7+ Nxd7 9.d3 f6 10.Bd2 
Qc5 11.Ne6 Qb6 12.b3 Bb4 13.Nxg7+ Kf7 14.Ne6 c6 
15.Qh5+ Ke7 16.O-O Bxd2 17.Nxd2 Rag8 18.Nc4 Qb5 
19.Ne3 cxd5 20.Qf5 Qc6 21.b4 Qxe6 22.bxa5 Qc6 
23.Rab1 d4 24.Ng4 h5 25.a6 bxa6 26.f3 hxg4 27.fxg4 
Rg5 28.Qe4 Qxe4 29.dxe4 Nc5 30.Rfe1 Rxg4 31.h3 Rg3 
32.Re2 Rhg8 33.Kh2 Ra3 34.Ra1 Rgg3 35.Kg1 Kd6 
36.Kf2 1-0

[Event "HCL-B089"]
[Site "www.playchess.de"]
[Date "2001.04.22"]
[Round "17"]
[White "Pragmatist"]
[Black "Rygars"]
[WhiteElo "1500"]
[BlackElo "1465"]
[PlyCount "70"]
[Result "0-1"]

1.e4 d5 2.exd5 Qxd5 3.Nc3 Qa5 4.Bc4 Nc6 5.d3 Nf6 
6.Nge2 e6 7.Bd2 Qh5 8.Nb5 Bd6 9.Ng3 Qh4 10.Nxd6+ 
cxd6 11.O-O O-O 12.c3 Ne5 13.Qe2 Nxc4 14.dxc4 b6 
15.b3 Bb7 16.Rad1 Rad8 17.Bc1 d5 18.Rd4 Ne4 {back 
on the road!! :)}  19.Ba3 Rfe8 20.Nxe4 dxe4 
21.Rfd1 Rxd4 22.Rxd4 Bc6 23.Rd6 Rc8 24.c5 b5 25.c4 
bxc4 26.Qxc4 Qf6 27.Qc1 Qe7 28.Bb2 f6 29.Qc4 Bd5 
30.Qa4 Rc7 31.b4 Qf8 32.h3 Qb8 33.Bd4 Bc4 34.c6 
Qb5 35.Qd1 h6 0-1

[Event "HCL-B125"]
[Site "www.playchess.de"]
[Date "2001.04.22"]
[Round "2"]
[White "Binder"]
[Black "Jeff_Foster"]
[WhiteElo "1200"]
[BlackElo "1231"]
[PlyCount "75"]
[Result "1-0"]

1.e4 e5 2.Nf3 Nc6 3.Bc4 Nf6 4.d3 Na5 5.Nc3 Nxc4 
6.dxc4 d6 7.h3 Be7 8.O-O O-O 9.b3 h6 10.Re1 Bd7 
11.c5 b6 12.cxd6 cxd6 13.Bb2 Rc8 14.a4 Be6 15.Qd3 
Qc7 16.Rac1 Rfd8 17.Nb5 Qd7 18.c4 Nh5 19.Qe3 Nf4 
20.Rcd1 Bxh3 21.Nxe5 Nxg2 22.Nxd7 Nxe3 23.Rxe3 
Bxd7 24.Nxa7 Rcb8 25.Nb5 Bxb5 26.cxb5 Rbc8 27.Bd4 
Rc2 28.Bxb6 Re8 29.Bd4 Bg5 30.Ree1 h5 31.Be3 Bxe3 
32.Rxe3 Re6 33.b6 Rc8 34.f3 Rb8 35.a5 Re5 36.b4 d5 
37.Rxd5 Rxd5 38.exd5 1-0

[Event "HCL-B138"]
[Site "www.playchess.de"]
[Date "2001.04.22"]
[Round "5"]
[White "Brussels_Hooligan"]
[Black "BuckNaked"]
[WhiteElo "1440"]
[BlackElo "1422"]
[PlyCount "50"]
[Result "0-1"]

1.e4 e5 2.f4 Bc5 3.Nf3 d6 4.Bc4 Nc6 5.Nc3 Nf6 6.d3 
a6 7.fxe5 dxe5 8.Bg5 h6 9.Bxf6 Qxf6 10.Nd5 Qd6 
11.a3 b5 12.Ba2 Be6 13.c3 O-O-O 14.b4 Ba7 15.c4 f5 
16.c5 Qd7 17.O-O Rhf8 18.Qc1 Kb8 19.Rb1 g5 20.Qc3 
Qg7 21.a4 g4 22.Nh4 Nd4 23.Rb2 fxe4 24.dxe4 Rxf1+ 
25.Kxf1 Bxd5 0-1

[Event "HCL-C109"]
[Site "www.playchess.de"]
[Date "2001.04.22"]
[Round "3"]
[White "Goldie"]
[Black "Claire"]
[WhiteElo "1000"]
[BlackElo "568"]
[PlyCount "58"]
[Result "0-1"]

1.e4 e5 2.Nh3 Nf6 3.Nc3 Bb4 4.a3 Bc5 5.b4 Bd4 
6.Bb2 b6 7.Ng5 Qe7 8.Nd5 Nxd5 9.Nf3 Nc6 10.exd5 e4 
11.Nxd4 Nxd4 12.Bxd4 Bb7 13.Bxg7 Rg8 14.Bh6 Bxd5 
15.c4 Bb7 16.f3 exf3+ 17.Be2 fxe2 18.Qxe2 Qxe2+ 
19.Kxe2 O-O-O 20.Kd1 Rde8 21.Rf1 Rxg2 22.b5 a6 
23.Rxf7 Rg1+ 24.Kc2 Rxa1 25.Rxh7 Be4+ 26.Kc3 Bxh7 
27.bxa6 Rxa3+ 28.Kb4 Rxa6 29.Bf4 
Re4 0-1

[Event "HCL-E010"]
[Site "www.playchess.de"]
[Date "2001.04.22"]
[Round "6"]
[White "Goofy"]
[Black "MarkusSSG"]
[WhiteElo "2200"]
[BlackElo "2344"]
[PlyCount "106"]
[Result "0-1"]

1.d4 Nf6 2.c4 c5 3.d5 b5 4.cxb5 a6 5.b6 d6 6.Nc3 
g6 7.Nf3 Bg7 8.e4 Nbd7 9.Be2 O-O 10.O-O Nxb6 
11.Bf4 Bg4 12.Nd2 Bxe2 13.Qxe2 Qd7 14.Rfe1 Rfb8 
15.Rab1 Qg4 16.Qxg4 Nxg4 17.h3 Ne5 18.Bg5 Ra7 
19.b3 h6 20.Bh4 Nd3 21.Re3 Nb4 22.a4 Nc2 23.Rd3 
Rab7 24.a5 Nc8 25.Bg3 Na7 26.Na4 Nc8 27.Nc4 Nd4 
28.Nab6 Ne2+ 29.Kh2 Nxg3 30.Kxg3 Na7 31.f4 Bd4 
32.e5 Nb5 33.Rf1 Bc3 34.e6 Nd4 35.Kh2 Bb4 36.Nd7 
Rd8 37.Re3 Kg7 38.g4 fxe6 39.dxe6 d5 40.Ncb6 Bxa5 
41.Nxd5 Nxe6 42.Rxe6 Rdxd7 43.Rxa6 Bd2 44.Rb6 Rba7 
45.f5 Rxd5 46.Rxg6+ Kf7 47.Rc6 Bc3 48.Rxh6 Ra2+ 
49.Kg3 Rd3+ 50.Kh4 Bf6+ 51.g5 Rh2 52.Rg6 Rd4+ 
53.Kg3 Be5+ 0-1

[Event "HCL-M005"]
[Site "www.playchess.de"]
[Date "2001.04.22"]
[Round "10"]
[White "rayschutt"]
[Black "Bronislaw"]
[WhiteElo "2634"]
[BlackElo "2301"]
[PlyCount "85"]
[Result "1-0"]

1.c4 g6 2.Nc3 Bg7 3.d4 Nf6 4.e4 d6 5.Bd3 O-O 
6.Nge2 Nc6 7.O-O Nd7 8.Be3 e5 9.d5 Nd4 10.Rc1 c6 
11.dxc6 bxc6 12.b4 a5 13.b5 Bb7 14.bxc6 Bxc6 15.f3 
Rb8 16.Nb5 Nxb5 17.cxb5 Bxb5 18.Bxb5 Rxb5 19.Qxd6 
Rb2 20.Rfe1 Re8 21.Qa3 Rb7 22.Red1 Qa8 23.Rd5 Qa6 
24.Nc3 Ra8 25.Rd6 Qc4 26.Nd5 Qe2 27.Ne7+ Kh8 
28.Rd2 Qb5 29.Nc8 Bf8 30.Nd6 Bxd6 31.Rxd6 Kg8 
32.Qc3 Nb6 33.Bh6 Re8 34.Qc5 Na4 35.Qd5 Rbb8 
36.Rc7 Qxd5 37.Rxd5 Nb2 38.Rdd7 Rec8 39.Rca7 Rba8 
40.Rdxf7 Rxa7 41.Rxa7 Nc4 42.Kf2 Kh8 
43.Kg3 1-0

[Event "HCL-C153"]
[Site "www.playchess.de"]
[Date "2001.04.22"]
[Round "23"]
[White "guerino"]
[Black "ankush2g"]
[WhiteElo "1067"]
[BlackElo "1000"]
[PlyCount "76"]
[Result "0-1"]

1.d4 d5 2.c4 dxc4 3.e4 b5 4.a4 Ba6 5.axb5 Bxb5 
6.Nc3 c6 7.Nxb5 cxb5 8.b3 a5 9.bxc4 b4 10.Nf3 e6 
11.Qa4+ Qd7 12.Qxd7+ Nxd7 13.c5 Bxc5 14.dxc5 Nxc5 
15.Bb5+ Ke7 16.Be3 Nxe4 17.Ke2 Nc3+ 18.Kd3 Nxb5 
19.Rhc1 Nf6 20.Bb6 a4 21.Bc5+ Nd6 22.Bxb4 Rhb8 
23.Rc7+ Nd7 24.Ne5 Rbd8 25.Nc6+ Ke8 26.Nxd8 Nb5 
27.Nb7 Nxc7 28.Nd6+ Kd8 29.Nxf7+ Kc8 30.Nd6+ Kb8 
31.h4 Nd5 32.Ba3 Nf4+ 33.Ke4 Nxg2 34.Rg1 Nf6+ 
35.Ke5 Ra5+ 36.Kxe6 Nf4+ 37.Kf7 Ra7+ 38.Kf8 
Ne6+ 0-1

[Event "HCL-E021"]
[Site "www.playchess.de"]
[Date "2001.04.22"]
[Round "5"]
[White "Giovanni"]
[Black "smart"]
[WhiteElo "2000"]
[BlackElo "2000"]
[PlyCount "46"]
[Result "0-1"]

1.e4 c6 2.d4 d5 3.Nd2 dxe4 4.Nxe4 Nd7 5.Bc4 Ngf6 
6.Ng5 e6 7.Qe2 Nb6 8.Bd3 h6 9.N5f3 c5 10.dxc5 Bxc5 
11.Ne5 Nbd7 12.Ngf3 Nxe5 13.Nxe5 O-O 14.O-O b6 
15.Rd1 Qe7 16.b4 Bd6 17.Bf4 Nd5 18.Bd2 Qc7 19.Nf3 
Bxb4 20.g4 Bb7 21.Bxb4 Nxb4 22.Be4 Bxe4 23.Qxe4 
Nd5 0-1

[Event "HCL-E022"]
[Site "www.playchess.de"]
[Date "2001.04.22"]
[Round "14"]
[White "lubos"]
[Black "pep1tere"]
[WhiteElo "1967"]
[BlackElo "2000"]
[PlyCount "91"]
[Result "1/2-1/2"]

1.g3 g6 {hi, nice to meet you}  2.b3 Bg7 3.Nc3 d5 
4.Bb2 Nf6 5.Bg2 e5 6.e3 O-O 7.d3 c5 8.Qd2 Nc6 
9.O-O-O d4 10.Ne4 Bg4 11.f3 Bh6 12.f4 dxe3 
13.Nxf6+ Qxf6 14.Qxe3 Bxd1 15.Kxd1 exf4 16.Bxf6 
fxe3 17.Bxc6 bxc6 18.Be7 Rfe8 19.Bxc5 Bf8 20.Bxf8 
Kxf8 21.Ke2 f6 22.Nf3 Rad8 23.Rf1 Rd5 24.c4 Ra5 
25.a4 Kg7 26.Nd4 c5 27.Nb5 f5 28.Rf3 a6 29.Nd6 Rb8 
30.Rxe3 Rxb3 31.Re7+ Kf6 32.Rxh7 Rxa4 33.Nb7 Ra2+ 
34.Ke3 Rxh2 35.Rxh2 Rxb7 36.Ra2 Re7+ 37.Kd2 Re6 
38.Ra5 Rc6 39.Ke3 Kg5 40.d4 Re6+ 41.Kd3 cxd4 
42.Kxd4 Kg4 43.Kd5 Re8 44.Ra3 Rd8+ 45.Ke5 Rc8 
46.Kd5 1/2-1/2

[Event "HCL-E024"]
[Site "www.playchess.de"]
[Date "2001.04.22"]
[Round "20"]
[White "Goofy"]
[Black "SG42699"]
[WhiteElo "2203"]
[BlackElo "2000"]
[PlyCount "84"]
[Result "1/2-1/2"]

1.d4 d5 2.c4 e6 3.Nc3 Nf6 4.Bg5 Be7 5.e3 O-O 6.Nf3 
Nc6 7.a3 Re8 8.Qc2 a6 9.Rd1 h6 10.Bh4 b6 11.Bd3 
Nb8 12.Ne5 Bb7 13.O-O Nbd7 14.f4 c6 15.f5 Nxe5 
16.dxe5 Ng4 17.Bxe7 Qxe7 18.f6 Qc7 19.Bh7+ Kh8 
20.fxg7+ Kxg7 21.Qe2 Nxe5 22.Bb1 dxc4 23.Rd4 f5 
24.Qh5 Qe7 25.Qh3 c5 26.Rh4 Qg5 27.e4 Ng4 28.exf5 
exf5 29.Bxf5 Qe3+ 30.Qxe3 Nxe3 31.Rf2 Rad8 32.Rh3 
Nxf5 33.Rxf5 Rd3 34.Rh4 Rd2 35.Rg4+ Kh8 36.h4 Bc8 
37.Re4 Rxe4 38.Nxe4 Rxg2+ 39.Kxg2 Bxf5 40.Nd6 Be6 
41.Kf3 b5 42.Ke4 Kh7 1/2-1/2

[Event "HCL-A082"]
[Site "www.playchess.de"]
[Date "2001.04.22"]
[Round "1"]
[White "Eduardo"]
[Black "Green_Lantern"]
[WhiteElo "1900"]
[BlackElo "1900"]
[PlyCount "61"]
[Result "1/2-1/2"]

1.e4 e5 2.Nf3 d6 3.d4 Nf6 4.dxe5 Nxe4 5.Qd5 Nc5 
6.Bg5 Be7 7.exd6 cxd6 8.Bb5+ Nc6 9.O-O O-O 10.Bxe7 
Nxe7 11.Qd2 Bg4 12.Be2 d5 13.c3 Re8 14.Na3 Ne4 
15.Qc2 Nc6 16.Rad1 Qa5 17.Rfe1 Rad8 18.Kf1 Qb6 
19.Nd4 Nxd4 20.Rxd4 Bxe2+ 21.Rxe2 Nf6 22.Rxe8+ 
Rxe8 23.f3 Qd6 24.g3 Qc6 25.Qd2 Qa6+ {Happy 
Easter!}  26.Kf2 Qb6 27.Kg2 Re5 28.Rb4 Qa6 29.Kf2 
Re7 30.Qd1 h6 31.Qf1 1/2-1/2

[Event "HCL-M006"]
[Site "www.playchess.de"]
[Date "2001.04.22"]
[Round "12"]
[White "Bronislaw"]
[Black "rayschutt"]
[WhiteElo "2371"]
[BlackElo "2635"]
[PlyCount "50"]
[Result "0-1"]

1.e4 c5 2.Nf3 Nc6 3.d4 cxd4 4.Nxd4 g6 5.Nc3 Bg7 
6.Be3 Nf6 7.Bc4 O-O 8.Bb3 d6 9.f3 Bd7 10.Qd2 Rc8 
11.h4 Ne5 12.O-O-O h5 13.Bg5 Rc5 14.f4 Nc4 15.Qd3 
Ng4 16.Bxc4 Nf2 17.Qe2 Nxh1 18.Bb3 Qb6 19.Nd5 Rxd5 
20.exd5 Bg4 21.Nf3 Ng3 22.Qxe7 Bxf3 23.gxf3 Nf5 
24.Qe1 f6 25.Rd3 fxg5 0-1

[Event "ACL-A085"]
[Site "www.playchess.de"]
[Date "2001.04.22"]
[Round "5"]
[White "vrad"]
[Black "kvdc007"]
[WhiteElo "1601"]
[BlackElo "1500"]
[PlyCount "68"]
[Result "0-1"]

1.e4 b6 {hi}  2.d4 Bb7 3.f3 {hi}  d5 {there were 
two other options where i have looked at, but this 
seems me the most active one}  4.exd5 {OK, I like 
active game}  Qxd5 5.c4 Qd7 6.Nc3 Na6 7.Bf4 O-O-O 
8.Nb5 Kb8 9.Qa4 g6 10.Bd3 Bg7 11.Ne2 e5 12.Bg3 c6 
13.Nbc3 Ka8 14.b4 exd4 15.Ne4 c5 16.b5 Nb4 17.Qb3 
Qe7 18.O-O f5 19.Nf2 Nxd3 20.Qxd3 g5 21.Rfe1 h5 
22.h4 gxh4 23.Nf4 hxg3 24.Rxe7 gxf2+ {3 pieces for 
1}  25.Kxf2 Nxe7 26.Re1 Bf6 27.a4 Bh4+ 28.g3 Bf6 
29.a5 h4 30.Re6 hxg3+ 31.Kg2 Bg5 32.axb6 Bxf4 
33.Rxe7 Rh2+ 34.Kg1 Rdh8 0-1

[Event "HCL-B190"]
[Site "www.playchess.de"]
[Date "2001.04.22"]
[Round "7"]
[White "chesskidding"]
[Black "samar"]
[WhiteElo "1348"]
[BlackElo "1483"]
[PlyCount "53"]
[Result "1/2-1/2"]

1.e4 {Hello and Good Luck! Mike from Wisconsin, 
pleased to mke your chess acquaintance!}  d5 
2.exd5 Qxd5 3.Nc3 {buongiorno Andrea...looks like 
you have a lot of experience here!}  Qa5 4.d4 Nf6 
{Hi Michael, I like this opening}  5.Nf3 {I am not 
too familiar with the Center Counter.. that is why 
I thought I would give it a try.}  Bf5 6.Bd3 e6 
7.Bf4 {I see why you like this opening..you play 
it well.}  Bxd3 {Ddont' kidding, you play it well 
too!}  8.Qxd3 {unfortunately I have not been doing 
well in some of my other game's openings..}  Bb4 
9.O-O Bxc3 10.bxc3 c6 11.c4 {Starting to get 
interesting!}  O-O 12.Ne5 Nbd7 13.Rfe1 {l}  Rad8 
14.Qe3 Nxe5 15.dxe5 Nd7 16.Qg3 Kh8 17.Bg5 f6 
18.exf6 gxf6 19.Bh4 e5 20.Qf3 Qc5 21.Re4 Qe7 
22.Rd1 Nc5 23.Rxd8 Qxd8 24.Re3 Qd6 {I know, your 
position is better, but anyway}  25.h3 {I have 
seiously considered your offer but have decided to 
plan on at this point..good game so far}  f5 
26.Qe2 e4 27.Qh5 {If you are still interested in 
the draw...thanks either way!} 
 1/2-1/2